000 01297nam a2200313 i 4500
003 DO-SdBNP
005 20250611104904.0
007 ta
008 250611s2024 dr o 000 0 spa d
040 _aDO-SdBNP
_bspa
_cBNPHU
_erda
082 _bS211
_222
245 0 0 _aLuz rabiosa :
_b[ficha técnica] /
_celenco, Hony Estrella, Canek Denis ; dirección, Manuel Chapuseaux ; texto original, Priscilla Velásquez Rivera ; fotografía, Mika Pasco, Alondra Ángeles
264 1 _aSanto Domingo :
_bTeatro Nacional,
_c2024.
300 _a[10] páginas,
_bfotografías
_c22 cm.
336 _atexto
_btxt
_2rdacontent
337 _asin mediación
_bn
_2rdamedia
338 _avolumen
_bnc
_2rdacarrier
500 _aBasada en la novela de Priscila Velázquez Rivera.
500 _aIncluye datos biografícos de Hony Estrella, Manuel Chapuseaux, Canek Denis y Priscilla Velásquez Rivera.
590 _aInventariado, 2025/ YL
700 1 _aEstrella, Hony
_eactriz
_4act.
_988054
700 1 _aDenis, Canek
_eactor
_4act.
_988055
700 1 _aChapuseaux, Manuel
_edirección
_961984
700 1 _aVelásquez Rivera, Priscilla
_etexto original
_988056
700 1 _aPasco, Mika
_efotografía
_988057
700 1 _aÁngeles, Alondra
_efotografía
_988058
910 _aYLockward
942 _2ddc
_cLF2
999 _c59224
_d59224